Econometric Analysis of Regional Economy 2024 (Record no. 8538)

MARC details
000 -LEADER
fixed length control field 00335nam a2200133Ia 4500
008 - FIXED-LENGTH DATA ELEMENTS--GENERAL INFORMATION
fixed length control field 260604s9999 xx 000 0 und d
020 ## - INTERNATIONAL STANDARD BOOK NUMBER
International Standard Book Number 9789819987061
082 ## - DEWEY DECIMAL CLASSIFICATION NUMBER
Classification number 330.502A SA
100 ## - MAIN ENTRY--PERSONAL NAME
Personal name Sachiyo asahi
9 (RLIN) 35714
245 #0 - TITLE STATEMENT
Title Econometric Analysis of Regional Economy 2024
260 ## - PUBLICATION, DISTRIBUTION, ETC.
Name of publisher, distributor, etc. Springer
500 ## - GENERAL NOTE
General note Econometric
942 ## - ADDED ENTRY ELEMENTS (KOHA)
Koha item type Book
Holdings
Date last seen Total Checkouts Full call number Barcode Cost, replacement price Price effective from Koha item type Lost status Damaged status Not for loan Withdrawn status Home library Current library Shelving location Date acquired Cost, normal purchase price BOOK NO
06/04/2026   330.502A SA 004156 13577.46 06/04/2026 Book         Indian Institute of Management Visakhapatnam Indian Institute of Management Visakhapatnam   06/04/2026 13577.46 ASA

Copyright © 2024 Indian Institute of Management Visakhapatnam
Koha v23.05